Normal view MARC view
  • Rodríguez, Anamaría

Entry Nombre Personal

Number of records used in: 9

001 - NUMERO DE CONTROL

  • campo de control: 33679

003 - IDENTIFICADOR DE NUMERO DE CONTROL

  • campo de control: UPN

005 - FECHA Y HORA DE LA ÜLTIMA TRANSACCIÓN

  • campo de control: 20240417134227.0

008 - DATOS DE LONGITUD FIJA

  • campo de control de longitud fija: 240417n||acnnnaabn | aaa |d

035 ## - NUMERO DE CONTROL

  • Número de control: UPN11000005786

040 ## - FUENTE DE CATALOGACIÓN

  • Lenguaje de catalogación: spa
  • Agencia de transcripción: MX-MxUPN
  • Agencia original de catalogación: MX-MxUPN

100 1# - ENCABEZAMIENTO - NOMBRE PERSONAL

  • Nombre personal: Rodríguez, Anamaría

670 ## - FUENTE EN LA QUE SE LOCALIZARON DATOS

  • Cita de la fuente: T
  • Información localizada: Palabras pintadas

670 ## - FUENTE EN LA QUE SE LOCALIZARON DATOS

  • Cita de la fuente: Cartas, 2005 :
  • Información localizada: portada (Anamaría Rodríguez)

902 ## - CATALOGADOR

  • Catalogador: MITM/ 100613